Loading...
| Fine Arts - Other | 1 | 6 | 1 | 1 | 70 | 55 | 112.29 | 4 | 6 | 0.00 | 0.00 |
| Philosophy | 2 | 4 | 1 | 1 | 65 | 50 | 97.50 | 3 | 6 | 0.00 | 0.00 |
| Literature - World | 1 | 5 | 1 | 1 | 60 | 78 | 118.17 | 2 | 4 | 0.00 | 0.00 |
| History - World | 2 | 4 | 2 | 1 | 60 | 42 | 96.50 | 2 | 4 | 0.00 | 0.00 |
| Literature - American | 1 | 5 | 1 | 0 | 60 | 38 | 100.33 | 4 | 6 | 0.00 | 0.00 |
| Literature - British | 1 | 4 | 0 | 0 | 55 | 74 | 105.60 | 3 | 5 | 0.00 | 0.00 |
| Fine Arts - Visual | 1 | 4 | 0 | 2 | 55 | 83 | 122.80 | 1 | 4 | 0.00 | 0.00 |
| Literature - European | 1 | 5 | 2 | 0 | 55 | 55 | 110.00 | 2 | 6 | 0.00 | 0.00 |
| Religion | 0 | 5 | 0 | 3 | 50 | 86 | 115.80 | 3 | 4 | 0.00 | 0.00 |
| Mythology | 0 | 4 | 0 | 0 | 40 | 98 | 124.00 | 2 | 4 | 0.00 | 0.00 |
| History - American | 0 | 4 | 0 | 1 | 40 | 101 | 122.00 | 0 | 2 | 0.00 | 0.00 |
| History - Ancient/Other | 1 | 3 | 2 | 0 | 35 | 67 | 104.25 | 1 | 4 | 0.00 | 0.00 |
| Current Events | 0 | 3 | 0 | 1 | 30 | 117 | 125.33 | 0 | 1 | 0.00 | 0.00 |
| Other Academic | 2 | 0 | 0 | 0 | 30 | 29 | 31.00 | 2 | 2 | 0.00 | 0.00 |
| History - European | 1 | 1 | 1 | 0 | 20 | 77 | 95.00 | 0 | 2 | 0.00 | 0.00 |
| Social Science | 1 | 1 | 2 | 0 | 15 | 65 | 67.00 | 2 | 2 | 0.00 | 0.00 |
| Science - Biology | 0 | 1 | 0 | 1 | 10 | 135 | 135.00 | 0 | 0 | 0.00 | 0.00 |
| Geography | 0 | 0 | 1 | 0 | -5 | 0.00 | 0 | 0 | 0.00 | 0.00 | |
| Science - Other | 0 | 0 | 1 | 0 | -5 | 0.00 | 0 | 0 | 0.00 | 0.00 |